000 00529nam a2200229Ia 4500
003 IT-RoPAU
008 120407s9999 xx 000 0 und d
040 _aIT-RoPAU
040 _cIT-RoPAU
041 _afra
100 _aClement Dillenschneider
100 _ccssr
245 _aLe sens de la foi et le progres dogmatique du mistere marial
250 _aRoma
260 _aAcad. Mariana Internationalis
260 _c1954
300 _a402 p.
300 _c24 cm
490 _v1
942 _cBK
999 _c34116
_d34116